[Event "Munster-ch"]
[Site "Ennis"]
[Date "2015.09.20"]
[Round "4.4"]
[White "Twomey, Pat"]
[Black "Buckley, Maurice"]
[Result "1-0"]
[WhiteElo "1892"]
[BlackElo "1717"]
[PlyCount "89"]
[EventDate "2015.09.18"]
[EventType "swiss"]
[EventRounds "5"]
[EventCountry "IRL"]
[SourceTitle "EXT 2023"]
[Source "ChessBase"]
[SourceDate "2022.10.05"]
[SourceVersion "1"]
[SourceVersionDate "2022.10.05"]
[SourceQuality "1"]

1. c4 e5 2. Nc3 Nc6 3. e3 Be7 4. d4 Nf6 5. Nf3 exd4 6. exd4 d5 7. cxd5 Nxd5 8. Bb5 0-0 9. 0-0 Nb8 10. Bc4 c6 11. Re1 Nb6 12. Bb3 N8d7 13. d5 cxd5 14. Nxd5 Nxd5 15. Qxd5 Nf6 16. Qxd8 Bxd8 17. Bd2 a5 18. Be3 Bd7 19. Ne5 Bb5 20. a4 Ba6 21. Bc5 Bc7 22. Bxf8 Bxe5 23. Rxe5 Kxf8 24. Rc1 Rd8 25. h3 b6 26. Rc7 Rd7 27. Rxd7 Nxd7 28. Rd5 Ke7 29. Bc2 Bc4 30. Rd4 Be6 31. f4 g6 32. Kf2 h5 33. Bd1 f5 34. b4 axb4 35. Rxb4 h4 36. g4 hxg3+ 37. Kxg3 Kd6 38. Bb3 Bxb3 39. Rxb3 Kc5 40. Kh4 Kc4 41. Rb5 Kd4 42. Kg5 Ke4 43. h4 Kf3 44. Rb4 Ke3 45. Kxg6 1-0